书目信息 |
| 题名: |
数字媒体艺术
|
|
| 作者: | 周洁 编著 | |
| 分册: | ||
| 出版信息: | 上海 华东理工大学出版社有限公司 2024.06 |
|
| 页数: | 207页 | |
| 开本: | 26cm | |
| 丛书名: | ||
| 单 册: | ||
| 中图分类: | J06-39 | |
| 科图分类: | ||
| 主题词: | 数字技术--应用--艺术--设计--高等学校--教材 | |
| 电子资源: | ||
| ISBN: | 978-7-5628-7331-0 | |
| 000 | 00943nam0 2200253 450 | |
| 001 | 013071209 | |
| 005 | 20251022193629.38 | |
| 010 | @a978-7-5628-7331-0@dCNY98.00 | |
| 100 | @a20240813d2024 em y0chiy0120 ea | |
| 101 | 0 | @achi |
| 102 | @aCN@b310000 | |
| 105 | @aa z 000yy | |
| 106 | @ar | |
| 200 | 1 | @a数字媒体艺术@9shu zi mei ti yi shu@f周洁编著 |
| 210 | @a上海@c华东理工大学出版社有限公司@d2024.06 | |
| 215 | @a207页@c图,照片@d26cm | |
| 300 | @a华东理工大学艺术设计与传媒学院系列教材 | |
| 330 | @a本书共七章,内容包括:数字媒体艺术与媒介理论、数字媒体艺术的特征与要素、数字媒体艺术的发展历程、中国数字媒体艺术的发展历程、数字媒体艺术与影像艺术、数字媒体艺术与交互艺术、数字媒体艺术与时空交错。 | |
| 510 | 1 | @aDigital media art@zeng |
| 606 | 0 | @a数字技术@x应用@x艺术@x设计@x高等学校@j教材 |
| 690 | @aJ06-39@v5 | |
| 701 | 0 | @a周洁@9zhou jie@4编著 |
| 801 | 0 | @aCN@c20250905 |
| 905 | @a河南城建学院图书馆@dJ06-39@eZ771@ZZ771@f1 | |
| 数字媒体艺术/周洁编著.-上海:华东理工大学出版社有限公司,2024.06 |
| 207页:图,照片;26cm |
| 华东理工大学艺术设计与传媒学院系列教材 |
| ISBN 978-7-5628-7331-0:CNY98.00 |
| 本书共七章,内容包括:数字媒体艺术与媒介理论、数字媒体艺术的特征与要素、数字媒体艺术的发展历程、中国数字媒体艺术的发展历程、数字媒体艺术与影像艺术、数字媒体艺术与交互艺术、数字媒体艺术与时空交错。 |
| ● |
| 相关链接 |
|
|
|
正题名:数字媒体艺术
索取号:J06-39/Z771
 
预约/预借
| 序号 | 登录号 | 条形码 | 馆藏地/架位号 | 状态 | 备注 |
| 1 | 1631531 | 216315315 | 社科库309/309社科库 63排3列1层/ [索取号:J06-39/Z771] | 在馆 |